Największe miasta w Stanach Zjednoczonych A-Z - Statystyki

Ogólne statystyki
  • Ten quiz został rozwiązany 44 razy
  • Średni wynik to 10 z 26
Statystyki odpowiedzi
Miasto Populacja % Poprawnych
N Nowy Jork 8,5 mln
95%
L Los Angeles 3,9 mln
92%
C Chicago 2,7 mln
84%
B Boston 670 tys
70%
F Filadelfia 1,6 mln
70%
D Dallas 1,3 mln
68%
W Waszyngton 700 tys
68%
H Houston 3,4 mln
62%
O Oklahoma City 710 tys
57%
A Austin 990 tys
54%
P Phoenix 1,7 mln
51%
I Indianapolis 890 tys
46%
J Jacksonville 1 mln
46%
S San Antonio 1,5 mln
46%
K Kansas City 510 tys
35%
M Memphis 610 tys
19%
E El Paso 680 tys
11%
T Tucson 550 tys
11%
R Raleigh 500 tys
5%
G Greensboro 307 tys
3%
V Virginia Beach 450 tys
3%
X Xenia 25 tys
3%
Z Zionsville 35 tys
3%
Q Quincy 100 tys
0%
U Upland 80 tys
0%
Y Yonkers 210 tys
0%
Nie znaleziono quizów pasujących do podanych kryteriów
Rozkład punktacji
Procent ludzi z każdym wynikiem
Percentyl według liczby udzielonych odpowiedzi
Twoja historia wyników
Nie rozwiązałeś tego quizu